000 00763cam a2200241 a 4500
001 185076
003 OSt
005 20140717170443.0
008 981117s1997 per spa
020 _a9972-9077-0-0
040 _aNDD
_cBMC
_dMnU
_dDLC
082 _a985.0631
082 _a327.5285
100 1 _aBari Hermoza Ríos, Nicolás de
_922205
245 1 0 _aOperación Chavín de Huántar
_b: rescate en la residencia de la Embajada del Japón
_cNicolás De Bari Hermoza Ríos
250 _a3ª ed
260 _a[Lima]
_bEl autor
_c1997
300 _a181 p.
_bil. col.
_c24 cm
650 2 4 _aCrisis de los rehenes en Lima, 1996-1997
_922204
651 4 _aJapón
_xRelaciones
_922203
_zPerú
651 4 _aPerú
_xRelaciones
_922202
_zJapón
942 _2ddc
_cBK
999 _c12232
_d12232